[Event "FISU World University"]
[Site "Tornelo INT"]
[Date "2020.10.27"]
[Round "5.19"]
[White "Alboredo, Julia"]
[Black "Jayasinghe, Keeth MS"]
[Result "0-1"]
[WhiteElo "2182"]
[BlackElo "1726"]
[PlyCount "120"]
[EventDate "2020.10.26"]
[EventType "team-swiss (rapid)"]
[EventRounds "9"]
[EventCountry "NET"]
[SourceTitle "CBM 199 Extra"]
[Source "ChessBase"]
[SourceDate "2021.01.31"]
[SourceVersion "1"]
[SourceVersionDate "2021.01.31"]
[SourceQuality "1"]
[WhiteTeam "Brazil"]
[BlackTeam "Sri Lanka III"]
[WhiteTeamCountry "BRA"]
[BlackTeamCountry "SRI"]

1. e4 c6 2. d4 d5 3. e5 c5 4. dxc5 Nc6 5. Nf3 Bg4 6. Bb5 e6 7. 0-0 Bxc5 8. a3 Nge7 9. b4 Bb6 10. Bb2 0-0 11. Bd3 Ng6 12. Re1 Qc7 13. Nbd2 Bd4 14. Bxd4 Nxd4 15. h3 Nxf3+ 16. Nxf3 Bxf3 17. Qxf3 Nxe5 18. Bxh7+ Kxh7 19. Qh5+ Kg8 20. Qxe5 Qxe5 21. Rxe5 Rac8 22. Re2 Rc3 23. Kf1 Rfc8 24. Ra2 Kf8 25. Ke1 Ke7 26. Kd2 Kd6 27. Re3 d4 28. Rxc3 Rxc3 29. Ra1 e5 30. f3 f5 31. a4 Kd5 32. Rf1 Ra3 33. a5 Kc4 34. Re1 Kd5 35. Rf1 Ra4 36. Rb1 e4 37. fxe4+ fxe4 38. Rf1 e3+ 39. Ke2 Ra2 40. Kd3 Ra3+ 41. Ke2 Kc4 42. Rf7 Ra2 43. Rc7+ Kxb4 44. Rxb7+ Kc4 45. Rc7+ Kd5 46. Kd3 Ra3+ 47. Ke2 Rxa5 48. Rxg7 Rc5 49. Rg5+ Kc4 50. Rg4 a5 51. h4 a4 52. Rg7 a3 53. Ra7 Kb4 54. Kd1 Ra5 55. Rb7+ Kc4 56. Rb1 a2 57. Ra1 Kc3 58. h5 Kb2 59. Rxa2+ Kxa2 60. g4 Rg5 0-1

[Event "SRI-ch"]
[Site "Nugegoda"]
[Date "2019.07.08"]
[Round "13"]
[White "Thilakarathne, GM Harshana"]
[Black "Jayasinghe, Keeth MS"]
[Result "1-0"]
[WhiteElo "2405"]
[BlackElo "1811"]
[PlyCount "65"]
[EventDate "2019.06.29"]
[EventType "tourn"]
[EventRounds "13"]
[EventCountry "SRI"]
[SourceTitle "EXT 2020"]
[Source "ChessBase"]
[SourceDate "2019.10.17"]
[SourceVersion "1"]
[SourceVersionDate "2019.10.17"]
[SourceQuality "1"]

1. e4 c6 2. d4 d5 3. e5 c5 4. dxc5 e6 5. a3 Bxc5 6. Nf3 Nc6 7. Bd3 Nge7 8. b4 Bb6 9. 0-0 Ng6 10. Bb2 a6 11. Re1 0-0 12. Nbd2 Bd7 13. g3 Rc8 14. c4 Nce7 15. h4 dxc4 16. Nxc4 Nd5 17. Nd6 Rb8 18. Ng5 Be8 19. Nxe8 Rxe8 20. Qf3 Qd7 21. h5 Nf8 22. Ne4 Red8 23. Rad1 Qe7 24. Bc4 Rbc8 25. Nd6 Rc6 26. Kg2 Nd7 27. h6 Nxe5 28. Bxe5 f6 29. Bxd5 fxe5 30. Bxc6 Rf8 31. Qg4 Rxf2+ 32. Kh1 bxc6 33. Qxg7+ 1-0

[Event "SRI-ch"]
[Site "Nugegoda"]
[Date "2019.07.07"]
[Round "10"]
[White "Jayasinghe, Keeth MS"]
[Black "Danushka, MAN"]
[Result "1-0"]
[WhiteElo "1811"]
[BlackElo "1851"]
[PlyCount "93"]
[EventDate "2019.06.29"]
[EventType "tourn"]
[EventRounds "13"]
[EventCountry "SRI"]
[SourceTitle "EXT 2020"]
[Source "ChessBase"]
[SourceDate "2019.10.17"]
[SourceVersion "1"]
[SourceVersionDate "2019.10.17"]
[SourceQuality "1"]

1. d4 d5 2. Nf3 Nf6 3. Bf4 c5 4. e3 Nc6 5. c3 Qb6 6. Qc2 Bf5 7. dxc5 Bxc2 8. cxb6 axb6 9. Na3 Rxa3 10. bxa3 e5 11. Bxe5 Bxa3 12. Bxf6 Bb2 13. Kd2 Be4 14. Rd1 gxf6 15. Bd3 Rg8 16. Rhg1 Ke7 17. Rb1 Ba3 18. Ne1 Ne5 19. f3 Bg6 20. Bxg6 fxg6 21. Nc2 Nc4+ 22. Kd3 Bd6 23. Rge1 Ra8 24. a3 Bxa3 25. Nxa3 Rxa3 26. Ra1 Ra6 27. Rxa6 bxa6 28. Kd4 Kd6 29. e4 Na3 30. Re2 Nb5+ 31. Kd3 dxe4+ 32. Rxe4 Nc7 33. Rd4+ Ke6 34. Rd8 h5 35. Rb8 b5 36. Rb6+ Ke5 37. g3 g5 38. Rc6 Ne6 39. Ke3 a5 40. Ra6 a4 41. Ra5 Nc7 42. c4 Kd6 43. cxb5 Kc5 44. Rxa4 Kxb5 45. Rd4 Kc5 46. Rd7 Kc6 47. Rh7 1-0

[Event "SRI-ch"]
[Site "Nugegoda"]
[Date "2019.06.29"]
[Round "2"]
[White "Alahakoon, Isuru"]
[Black "Jayasinghe, Keeth MS"]
[Result "1-0"]
[WhiteElo "2099"]
[BlackElo "1811"]
[PlyCount "67"]
[EventDate "2019.06.29"]
[EventType "tourn"]
[EventRounds "13"]
[EventCountry "SRI"]
[SourceTitle "EXT 2020"]
[Source "ChessBase"]
[SourceDate "2019.10.17"]
[SourceVersion "1"]
[SourceVersionDate "2019.10.17"]
[SourceQuality "1"]

1. d4 Nf6 2. Nf3 e6 3. Bg5 d5 4. e3 Nbd7 5. Nbd2 Bd6 6. c3 b6 7. Bd3 Bb7 8. 0-0 0-0 9. Qc2 h6 10. Bh4 Be7 11. Ne5 Nxe5 12. dxe5 Nd7 13. Bg3 Bh4 14. Bxh4 Qxh4 15. f4 c5 16. e4 f6 17. Bb5 Rad8 18. Qa4 Rf7 19. Qxa7 Nf8 20. Qxb6 Rc8 21. f5 dxe4 22. fxe6 Re7 23. Bd7 Nxd7 24. Qxb7 Rb8 25. exd7 Rxb7 26. d8Q+ Kh7 27. Qd5 Rxb2 28. Qxe4+ Qxe4 29. Nxe4 Rxe5 30. Ng3 h5 31. Rf5 Re3 32. Rxh5+ Kg6 33. Rxc5 Rd3 34. Nf1 1-0